[Event "Montreal Mercredi 02"]
[Site "Montreal"]
[Date "2017.03.15"]
[Round "5"]
[White "Beaulieu, Pierre"]
[Black "Didier, Have"]
[Result "0-1"]
[WhiteElo "1898"]
[BlackElo "1964"]
[PlyCount "92"]
[EventDate "2017.02.15"]
[EventType "swiss"]
[EventRounds "5"]
[EventCountry "CAN"]
[SourceTitle "EXT 2022"]
[Source "ChessBase"]
[SourceDate "2021.10.06"]
[SourceVersion "1"]
[SourceVersionDate "2021.10.06"]
[SourceQuality "1"]

1. d4 d6 2. Nf3 Nf6 3. e3 g6 4. Nbd2 Bg7 5. Be2 0-0 6. c4 a5 7. 0-0 Nc6 8. Ne1 e5 9. d5 Ne7 10. b3 Nd7 11. Bb2 Nc5 12. a3 Bd7 13. Kh1 f5 14. f4 g5 15. fxe5 dxe5 16. Rb1 Ng6 17. b4 axb4 18. axb4 Ne4 19. Bd3 Nxd2 20. Qxd2 e4 21. Bxg7 Kxg7 22. Be2 Qf6 23. Nc2 Ra2 24. Qc1 Rfa8 25. Nd4 Qe5 26. Rb2 Ra1 27. Rb1 Rxb1 28. Qxb1 f4 29. Rd1 Nh4 30. b5 Nf5 31. Nxf5+ Bxf5 32. c5 f3 33. Bf1 Bg4 34. Rd4 Bf5 35. d6 cxd6 36. cxd6 Rd8 37. Qc1 Rd7 38. b6 g4 39. Qc8 g3 40. Bc4 fxg2+ 41. Kxg2 gxh2 42. Kh1 Kh6 43. Rd5 Qa1+ 44. Kxh2 Qb2+ 45. Kh1 Rg7 46. Qf8 Qg2# 0-1